All Counties With Over 500,000 People - Statistics

General Stats
  • This quiz has been taken 26 times
  • The average score is 72 of 140
Answer Stats
State Population County % Correct
California 9,969,510 Los Angeles
96%
Illinois 5,106,780 Cook
88%
Texas 2,647,850 Dallas
88%
California 3,175,130 Orange
88%
Florida 1,417,280 Orange
88%
California 3,347,270 San Diego
88%
California 883,255 San Francisco
88%
Washington 2,301,620 King
83%
Nevada 2,347,920 Clark
79%
Washington 501,869 Clark
79%
Texas 844,064 El Paso
79%
Colorado 737,031 El Paso
79%
Texas 4,779,880 Harris
79%
Arizona 4,651,440 Maricopa
79%
Florida 2,721,110 Miami-Dade
79%
New York 1,628,010 New York
79%
Pennsylvania 1,585,010 Philadelphia
79%
California 2,206,750 San Bernardino
79%
Maryland 826,392 Baltimore
75%
New Jersey 799,785 Essex
75%
Massachusetts 790,736 Essex
75%
Kentucky 764,069 Jefferson
75%
Alabama 656,861 Jefferson
75%
Colorado 589,859 Jefferson
75%
New York 2,523,560 Kings
75%
California 2,520,060 Riverside
75%
Missouri 992,177 St. Louis
75%
California 1,680,480 Alameda
71%
Colorado 749,103 Denver
71%
New York 916,672 Erie
71%
California 1,578,680 Sacramento
71%
Missouri 707,465 Jackson
67%
Oklahoma 811,116 Oklahoma
67%
New York 2,212,360 Queens
67%
Utah 1,183,930 Salt Lake
67%
California 1,918,880 Santa Clara
67%
Texas 2,144,650 Tarrant
67%
Michigan 1,739,120 Wayne
67%
Texas 2,048,290 Bexar
63%
New York 1,390,450 Bronx
63%
Ohio 1,334,870 Franklin
63%
Georgia 1,091,550 Fulton
63%
California 913,090 Kern
63%
Michigan 1,259,360 Oakland
63%
Rhode Island 642,887 Providence
63%
Idaho 507,233 Ada
58%
Florida 975,961 Duval
58%
California 1,013,400 Fresno
58%
Illinois 690,431 Lake
58%
Indiana 976,346 Marion
58%
Wisconsin 943,240 Milwaukee
58%
Maryland 1,055,110 Montgomery
58%
Pennsylvania 838,897 Montgomery
58%
Texas 642,633 Montgomery
58%
Ohio 531,861 Montgomery
58%
Massachusetts 713,865 Norfolk
58%
New York 1,468,140 Suffolk
58%
Massachusetts 805,427 Suffolk
58%
Oregon 610,968 Washington
58%
Massachusetts 833,758 Worcester
58%
Ohio 1,221,780 Cuyahoga
54%
Ohio 821,529 Hamilton
54%
Minnesota 1,281,680 Hennepin
54%
Kansas 610,949 Johnson
54%
Massachusetts 1,618,160 Middlesex
54%
New Jersey 822,842 Middlesex
54%
New York 739,582 Monroe
54%
Connecticut 850,329 New Haven
54%
Arizona 1,068,730 Pima
54%
Florida 761,137 Polk
54%
Florida 1,966,120 Broward
50%
Hawaii 963,973 Honolulu
50%
Florida 802,791 Lee
50%
Washington 541,188 Spokane
50%
California 841,734 Ventura
50%
Colorado 529,555 Adams
46%
Texas 944,139 Denton
46%
Georgia 954,076 Gwinnett
46%
Michigan 664,165 Kent
46%
Oregon 820,421 Multnomah
46%
New York 1,355,700 Nassau
46%
Massachusetts 526,762 Plymouth
46%
Oklahoma 659,290 Tulsa
46%
North Carolina 1,152,740 Wake
46%
Illinois 689,931 Will
46%
Pennsylvania 629,186 Bucks
42%
Georgia 768,283 Cobb
42%
Wisconsin 556,189 Dane
42%
Tennessee 701,400 Davidson
42%
Florida 1,512,070 Hillsborough
42%
Florida 978,872 Pinellas
42%
California 781,462 San Joaquin
42%
California 762,357 San Mateo
42%
New Jersey 556,219 Union
42%
New York 966,092 Westchester
42%
Maryland 586,656 Anne Arundel
38%
New Jersey 930,974 Bergen
38%
California 1,159,540 Contra Costa
38%
Georgia 768,079 DeKalb
38%
Nebraska 581,199 Douglas
38%
Virginia 1,145,670 Fairfax
38%
Connecticut 890,000 Hartford
38%
Michigan 876,326 Macomb
38%
North Carolina 1,143,570 Mecklenburg
38%
Florida 1,524,560 Palm Beach
38%
Maryland 908,743 Prince George’s
38%
Minnesota 553,219 Ramsey
38%
New Mexico 681,295 Bernalillo
33%
Massachusetts 567,467 Bristol
33%
Pennsylvania 530,795 Chester
33%
Connecticut 942,054 Fairfield
33%
New Jersey 673,311 Hudson
33%
Pennsylvania 549,234 Lancaster
33%
Delaware 561,159 New Castle
33%
Washington 927,428 Pierce
33%
Texas 1,328,720 Travis
33%
Utah 665,665 Utah
33%
Florida 615,420 Brevard
29%
Texas 1,095,580 Collin
29%
Illinois 914,269 DuPage
29%
New Jersey 618,602 Ocean
29%
Tennessee 938,768 Shelby
29%
Florida 567,650 Volusia
29%
Pennsylvania 1,213,570 Alleghany
25%
Illinois 531,769 Kane
25%
New Jersey 615,467 Monmouth
25%
Washington 840,131 Snohomish
25%
New Jersey 506,707 Camden
21%
Texas 858,902 Fort Bend
21%
South Carolina 541,384 Greenville
21%
Kansas 521,158 Sedgwick
21%
California 555,728 Stanislaus
21%
Pennsylvania 569,779 Delaware
17%
Texas 638,727 Williamson
17%
Colorado 666,176 Arapahoe
13%
Maryland 575,584 Baltimore City
13%
North Carolina 546,308 Guilford
13%
Texas 881,525 Hidalgo
13%
Florida 583,661 Pasco
13%
Ohio 540,333 Summit
13%
No matching quizzes found
Score Distribution
Percent of People with Each Score
Percentile by Number Answered
Your Score History
You have not taken this quiz